Las Fuerzas productivas y las relaciones de producción en la pequeña propiedad campesina /

Furkejuvvon:
Bibliográfalaš dieđut
Váldodahkki: Roy Torrentes, Fernando
Searvvušdahkkit: UNA, Facultad de Ciencias Sociales
Eará dahkkit: Mayorga Arguedas, Jorge Blanco Sáenz, Carlos
Materiálatiipa: Texto
Almmustuhtton: Heredia: UNA
Fáddágilkorat: Lasit fáddágilkoriid
Eai fáddágilkorat, Lasit vuosttaš fáddágilkora!

MARC

LEADER 00000 a a2200000 04500
001 23226
003
040
090 |a 160700  
100 |a Roy Torrentes, Fernando  
110 |a UNA  
245 |a Las Fuerzas productivas y las relaciones de producción en la pequeña propiedad campesina /  |c UNA  
260 |a Heredia:   |b UNA  
300 |a 35 p  
700 |a Mayorga Arguedas, Jorge   |a Blanco Sáenz, Carlos  
710 |a Facultad de Ciencias Sociales  
999 |c 15451  |d 15451